ბათუმის შოთა რუსთაველის სახელმწიფო უნივერსიტეტის ბიბლიოთეკა

Человек и природа в географической науке. (ბიბ.ჩანაწერი № 35471)

000 -LEADER
fixed length control field 00731nam a2200205Ia 4500
001 - CONTROL NUMBER
control field 1330
003 - CONTROL NUMBER IDENTIFIER
control field GE_BSU
008 - FIXED-LENGTH DATA ELEMENTS--GENERAL INFORMATION
fixed length control field 181216s||||||||xx |||||||||||||| ||und||
040 ## - CATALOGING SOURCE
Transcribing agency GE_BSU
080 ## - UNIVERSAL DECIMAL CLASSIFICATION NUMBER
Universal Decimal Classification number 572+502:91
245 ## - TITLE STATEMENT
Title Человек и природа в географической науке.
245 ## - TITLE STATEMENT
Remainder of title Посвящается 60-летию установления Советской власти в Грузии и создания Коммунистич. партии Грузии
260 ## - PUBLICATION, DISTRIBUTION, ETC.
Place of publication, distribution, etc. Тбилиси
260 ## - PUBLICATION, DISTRIBUTION, ETC.
Name of publisher, distributor, etc. мецниереба
260 ## - PUBLICATION, DISTRIBUTION, ETC.
Date of publication, distribution, etc. 1981
300 ## - PHYSICAL DESCRIPTION
Extent 193стр.
653 ## - INDEX TERM--UNCONTROLLED
Uncontrolled term Человек и природа в географической науке
942 ## - ADDED ENTRY ELEMENTS (KOHA)
Koha item type წიგნი
ეგზემპლარები
Withdrawn status Lost status Damaged status Not for loan Date acquired Barcode Date last seen Price effective from Koha item type
        2018-12-17 1285 2018-12-17 2018-12-17 წიგნი